LEADER 01005nam--2200361---450 001 990006030900203316 005 20230925102548.0 010 $a978-88-15-25432-0 035 $a000603090 035 $aUSA01000603090 035 $a(ALEPH)000603090USA01 035 $a000603090 100 $a20150423d2015----km-y0itay50------ba 101 $aita 102 $aIT 105 $a||||||||001yy 200 1 $a<> gesuiti$fClaudio Ferlan 210 $aBologna$cIl Mulino$d2015 215 $a200 p.$d21 cm 225 2 $aUniversale Paperbacks Il Mulino$v675 410 0$aUniversale Paperbacks Il Mulino$v, 675 606 0 $aGesuiti$2BNCF 676 $a271.53 700 1$aFERLAN,$bClaudio$0478647 801 0$aIT$bsalbc$gISBD 912 $a990006030900203316 951 $aII.2. 6214$b248959 L.M.$cII.2.$d369584 951 $aII.2. 6214 a$b284413 L.M.$cII.2.$d557000 959 $aBK 969 $aUMA 979 $aCHIARA$b90$c20150423$lUSA01$h1247 996 $aGesuiti$91077843 997 $aUNISA